Bramkarze reprezentacji Hiszpanii - Statystyki

Ogólne statystyki
  • Ten quiz został rozwiązany 896 razy
  • Średni wynik to 4 z 8
Statystyki odpowiedzi
Bramkarz Występy % Poprawnych
Iker Casillas 165
91%
Unai Simón 44
83%
David de Gea 45
64%
Víctor Valdés 20
51%
David Raya 6
46%
Kepa Arrizabalaga 13
30%
Pepe Reina 36
27%
Santiago Cañizares 20
18%
Nie znaleziono quizów pasujących do podanych kryteriów
Rozkład punktacji
Procent ludzi z każdym wynikiem
Percentyl według liczby udzielonych odpowiedzi
Twoja historia wyników
Nie rozwiązałeś tego quizu